Historia del derecho de Cataluña, especialmente del civil, y exposición de las instituciones del derecho civil del mismo territorio en relación con el Código civil de España y la jurisprudencia / (Record no. 120919)

MARC details
000 -LEADER
campo de control de longitud fija 01428nam a2200313 i 4500
001 - NÚMERO DE CONTROL
campo de control 120919
003 - IDENTIFICADOR DE NÚMERO DE CONTROL
campo de control ES-MaACL
005 - FECHA Y HORA DE LA ÚLTIMA TRANSACCIÓN
campo de control 20251005063110.0
007 - CAMPO FIJO DE DESCRIPCIÓN FÍSICA--INFORMACIÓN GENERAL
campo de control de longitud fija t|
008 - DATOS DE LONGITUD FIJA--INFORMACIÓN GENERAL
campo de control de longitud fija 170105s1985 sp r ||||1| spa d
020 ## - NÚMERO INTERNACIONAL ESTÁNDAR DEL LIBRO
Número Internacional Estándar del Libro 84-393-0515-X
100 1# - ENTRADA PRINCIPAL--NOMBRE DE PERSONA
Nombre de persona Brocá, Guillermo María de,
Fechas asociadas al nombre 1850-1918
9 (RLIN) 31823
245 10 - MENCIÓN DEL TÍTULO
Título Historia del derecho de Cataluña, especialmente del civil, y exposición de las instituciones del derecho civil del mismo territorio en relación con el Código civil de España y la jurisprudencia /
Mención de responsabilidad, etc. Guillem M. de Brocá ; presentació de Salvador de Brocà i Tella ; introducció d'Encarna Roca i Trias ; apèndix bibliogràfic complementari d'Antoni Mirambell i Abancó.
250 ## - MENCION DE EDICION
Mención de edición Ed. facs.
260 ## - PUBLICACIÓN, DISTRIBUCIÓN, ETC.
Lugar de publicación, distribución, etc. [Barcelona] :
Nombre del editor, distribuidor, etc. Generalitat de Catalunya, Departament de Justícia,
Fecha de publicación, distribución, etc. 1985.
300 ## - DESCRIPCIÓN FÍSICA
Extensión XXV, 955 p. ;
Dimensiones 25 cm.
490 1# - MENCIÓN DE SERIE
Mención de serie Textos jurídics catalans. Escriptors ;
Designación de volumen o secuencia 1
504 ## - NOTA DE BIBLIOGRAFÍA, ETC.
Nota de bibliografía, etc. Bibliografía: p. 887-955.
534 ## - NOTA SOBRE LA VERSIÓN ORIGINAL
Frase introductoria Reprod. facs. de la ed:
Publicación, distribución, etc. del original Barcelona : J. Gili, 1918.
650 ## - PUNTO DE ACCESO ADICIONAL DE MATERIA--TÉRMINO DE MATERIA
Término de materia o nombre geográfico como elemento de entrada Derecho civil-
Subdivisión geográfica Cataluña-
Subdivisión de forma Historia.
9 (RLIN) 161513
655 #7 - TERMINO DE INDIZACIÓN--GENERO/FORMA
Fuente del término tgfbne
9 (RLIN) 226495
Datos o término principal de género/forma Facsímiles
700 1# - ENTRADA AGREGADA--NOMBRE PERSONAL
Nombre de persona Mirambell i Abancò, Antoni.
9 (RLIN) 161514
700 1# - ENTRADA AGREGADA--NOMBRE PERSONAL
Nombre de persona Brocà, Salvador de,
Fechas asociadas al nombre 1940-
9 (RLIN) 161515
700 1# - ENTRADA AGREGADA--NOMBRE PERSONAL
Nombre de persona Roca i Trias, Encarna.
9 (RLIN) 161516
830 0# - PUNTO DE ACCESO ADICIONAL DE SERIE-TÍTULO UNIFORME
Título uniforme Textos jurídics catalans. Escriptors ;
Designación de volumen o secuencia 1
9 (RLIN) 186797
852 ## - LOCALIZACIÓN
Ubicación ES-MaACL
Número de control de estantería L-31158
942 ## - ELEMENTOS DE ENTRADA SECUNDARIOS (KOHA)
Fuente del sistema de clasificación o colocación Clasificación decimal universal
Holdings
Estatus retirado Estado de pérdida Estado de daño No para préstamo Biblioteca de origen Biblioteca actual Ubicación en estantería Fecha de adquisición Fuente de adquisición Total de préstamos Signatura topográfica completa Código de barras Visto por última vez Precio de reemplazo Tipo de ítem Koha
        Biblioteca del Ateneo de Madrid Biblioteca del Ateneo de Madrid Depósito 2 05/01/2017     L-31158 1196874 23/02/2023 23/02/2023 Libro impreso